Scènes du Roi Lion dans le désordre - Statistiques

Statistiques générales
  • Ce quiz a été pris 1 853 fois
  • Le résultat moyen est 4 sur 12
Statistiques - réponses
Hint Explanation Réponse % Correct
Le Roi Lion Scène 1/12
81%
Le Roi Lion Scène 3/12
59%
Le Roi Lion Scène 2/12
54%
Le Roi Lion Scène 5/12
39%
Le Roi Lion Scène 6/12
31%
Le Roi Lion Scène 8/12
28%
Le Roi Lion Scène 7/12
27%
Le Roi Lion Scène 4/12
23%
Le Roi Lion Scène 12/12
19%
Le Roi Lion Scène 10/12
18%
Le Roi Lion Scène 9/12
18%
Le Roi Lion Scène 11/12
17%
Aucun quiz correspondant
Distribution des résultats
% des personnes avec chaque résultat
Percentile par nombre de réponses
Votre historique - résultats
Vous n’avez pas pris ce quiz